00611nam a22001577a 4500999001900000020001600019082001100035100002100046245011100067260003300178300002700211942001300238650004900251700002800300952012500328 c535561d535561 qHard Cover. a629.04 aMuhammad Waseem. aAn exploratory empirical analysis of injury severity of motorcycle crashes in Pakistan /cMuhammad Waseem. aIslamabad:bNIT NUST,c2017. a59 p. :bill. ;c30cm. 2ddccTHE aTransportation Engineering MS-Thesis.916276 aDr. Anwaar Ahmed930194 00102ddc406629_040000000000000709498612aCLbCLcTHEd2020-09-17l0o629.04pCL-T-5883r2020-09-17w2020-09-17yTHE